<?xml version="1.0" encoding="UTF-8"?>
<record
    xmlns:xsi="http://www.w3.org/2001/XMLSchema-instance"
    xsi:schemaLocation="http://www.loc.gov/MARC21/slim http://www.loc.gov/standards/marcxml/schema/MARC21slim.xsd"
    xmlns="http://www.loc.gov/MARC21/slim">

  <leader>00457nam a22001457a 4500</leader>
  <controlfield tag="005">20150206150933.0</controlfield>
  <controlfield tag="008">150206b        xxu||||| |||| 00| 0 eng d</controlfield>
  <datafield tag="040" ind1=" " ind2=" ">
    <subfield code="c">PK-LaUMT</subfield>
  </datafield>
  <datafield tag="082" ind1=" " ind2=" ">
    <subfield code="a">KHC 297.7209</subfield>
    <subfield code="b">ABU-M</subfield>
  </datafield>
  <datafield tag="100" ind1=" " ind2=" ">
    <subfield code="a">&#x627;&#x628;&#x648; &#x633;&#x644;&#x6CC;&#x645;&#x627;&#x646; &#x641;&#x636;&#x644;</subfield>
  </datafield>
  <datafield tag="245" ind1=" " ind2=" ">
    <subfield code="a">&#x645;&#x633;&#x626;&#x644;&#x6C1; &#x62C;&#x6C1;&#x627;&#x62F; &#x6A9;&#x634;&#x645;&#x6CC;&#x631;&#x627;&#x648;&#x631; &#x627;&#x633;&#x6A9;&#x6CC; &#x645;&#x62E;&#x62A;&#x635;&#x631; &#x62A;&#x627;&#x631;&#x6CC;&#x62E;</subfield>
    <subfield code="c">&#x627;&#x628;&#x648; &#x633;&#x644;&#x6CC;&#x645;&#x627;&#x646; &#x641;&#x636;&#x644; </subfield>
  </datafield>
  <datafield tag="260" ind1=" " ind2=" ">
    <subfield code="a">&#x6A9;&#x631;&#x627;&#x686;&#x6CC;</subfield>
    <subfield code="b">&#x62F;&#x6CC;&#x646; &#x645;&#x62D;&#x645;&#x62F;&#x6CC; &#x67E;&#x631;&#x6CC;&#x633;</subfield>
    <subfield code="c">1948</subfield>
  </datafield>
  <datafield tag="300" ind1=" " ind2=" ">
    <subfield code="a">281 &#x635;</subfield>
  </datafield>
  <datafield tag="942" ind1=" " ind2=" ">
    <subfield code="c">BK</subfield>
  </datafield>
  <datafield tag="999" ind1=" " ind2=" ">
    <subfield code="c">65946</subfield>
    <subfield code="d">65946</subfield>
  </datafield>
  <datafield tag="952" ind1=" " ind2=" ">
    <subfield code="0">0</subfield>
    <subfield code="1">0</subfield>
    <subfield code="4">0</subfield>
    <subfield code="7">0</subfield>
    <subfield code="a">01</subfield>
    <subfield code="b">01</subfield>
    <subfield code="d">2015-02-06</subfield>
    <subfield code="l">0</subfield>
    <subfield code="o">KHC 297.7209 ABU-M</subfield>
    <subfield code="p">74903</subfield>
    <subfield code="r">2015-02-06 00:00:00</subfield>
    <subfield code="w">2015-02-06</subfield>
    <subfield code="y">BK</subfield>
  </datafield>
</record>
